Wszystkie miasta na Białorusi na mapie - Statystyki

Ogólne statystyki
  • Ten quiz został rozwiązany 92 razy
  • Średni wynik to 21 z 115
Odpowiedzi na mapie
Odpowiedzi zakodowano w zielono-czerwonej skali na mapie do tego quizu, zgodnie z poniższymi procentami.
 
Statystyki odpowiedzi
Obwód Liczba ludności Miasto % Poprawnych
Brzeski 342 461 Brześć
97%
Mińsk 1 995 471 Mińsk
97%
Grodzieński 358 717 Grodno
92%
Homelski 501 802 Homel
84%
Witebski 359 148 Witebsk
76%
Mohylewski 353 338 Mohylew
69%
Brzeski 124 613 Pińsk
65%
Witebski 10 301 Barań
59%
Brzeski 172 150 Baranowicze
59%
Grodzieński 103 915 Lida
59%
Miński 136 409 Borysów
45%
Witebski 79 960 Połock
45%
Witebski 103 658 Orsza
44%
Witebski 96 320 Nowopołock
40%
Miński 52 670 Kobryń
39%
Mohylewski 208 611 Bobrujsk
37%
Grodzieński 28 021 Nowogródek
35%
Homelski 105 321 Mozyrz
31%
Miński 89 268 Mołodeczno
25%
Grodzieński 49 113 Słonim
25%
Miński 98 590 Soligorsk
25%
Grodzieńskli 16 870 Oszmiana
24%
Homelski 15 653 Szczuczyn
23%
Grodzieński 41 991 Wołkowysk
23%
Witebski 9 426 Brasław
21%
Miński 60 376 Słuck
21%
Brzeski 4 843 Wysokie
20%
Witebskie 17 707 Głębokie
19%
Brzeski 23 548 Łuniniec
19%
Miński 15 907 Nieśwież
19%
Homelski 65 423 Rzeczyca
19%
Miński 26 811 Wilejka
19%
Brzeski 28 397 Bereza
17%
Brzeski 8 316 Kamieniec
17%
Grodzieński 35 781 Smorgonie
17%
Brzeski 14 856 Drohiczyn
15%
Witebski 18 772 Postawy
15%
Brzeski 19 064 Prużana
15%
Miński 64 000 Żodzino
15%
Mohylewski 10 063 Mścisław
13%
Homelski 77 049 Żłobin
13%
Miński 29 811 Dzierzyńsk
12%
Brzeski 22 487 Iwacewicze
12%
Homelski 37 050 Kalinkowicze
12%
Brzeski 13 550 Stolin
12%
Grodzieński 6 098 Świsłocz
12%
Miński 11 395 Berezyna
11%
Witebski 1 417 Dzisna
11%
Grodzieński 7 243 Iwie
11%
Brzeski 12 850 Małoryta
11%
Grodzieński 14 683 Mosty
11%
Grodzieński 14 805 Ostrowiec
11%
Grodzieński 9 742 Skidel
11%
Mohylewski 14 989 Szkłów
11%
Brzeski 14 231 Żabinka
11%
Mohylewski 16 426 Bychów
9%
Homelski 13 248 Chojniki
9%
Homelski 18 137 Dobrusz
9%
Mohylewski 29 152 Horki
9%
Witebski 17 182 Lepel
9%
Miński 6 999 Miadzioł
9%
Brzeski 12 395 Mikaszewicze
9%
Mohylewski 29 329 Osipowicze
9%
Miński 17 640 Stołpce
9%
Grodzieński 7 881 Turów
9%
Grodzieński 9 657 Brzozówka
8%
Witebski 7 843 Czaśniki
8%
Brzeski 5 774 Dawidgródek
8%
Witebski 11 570 Horodek
8%
Miński 11 350 Kleck
8%
Mohylewski 15 121 Klimowicze
8%
Brzeski 1 872 Kosów
8%
Homelski 8 352 Narowla
8%
Grodzieński 7 881 Zdzięcioł
8%
Homelski 8 618 Buda Koszelewska
7%
Mohylewski 9 944 Czausy
7%
Homelski 8 885 Czeczersk
7%
Mohylewski 7 774 Czeryków
7%
Witebski 6 759 Dokszyce
7%
Witebski 6 909 Dubrowna
7%
Brzeski 13 486 Hancewicze
7%
Homelski 8 864 Jelsk
7%
Mohylewski 7 971 Kirowsk
7%
Mohylewski 7 321 Kliczew
7%
Miński 8 487 Krupki
7%
Brzeski 10 613 Lachowicze
7%
Miński 15 515 Łohojsk
7%
Miński 11 360 Lubań
7%
Homelski 10 303 Petryków
7%
Homelski 32 029 Rohaczów
7%
Homelski 63 202 Swietłahorsk
7%
Witebski 9 691 Tołoczyn
7%
Miński 8 487 Wasilewicze
7%
Homelski 8 625 Wietka
7%
Miński 10 064 Wołożyn
7%
Miński 17 419 Zasław
7%
Brzeski 10 997 Białooziersk
5%
Mohylewski 9 749 Białynicze
5%
Miński 10 542 Czerwień
5%
Miński 17 768 Fanipol
5%
Brzeski 16 272 Janów
5%
Mohylewski 15 089 Kościukowicze
5%
Mohylewski 7 315 Kruhłe
5%
Miński 20 242 Marina Horka
5%
Witebski 7 815 Miory
5%
Witebski 12 048 Nowołukoml
5%
Mohylewski 7 840 Sławograd
5%
Miński 21 820 Smolewicze
5%
Miński 10 972 Stare Dorohi
5%
Miński 10 677 Uzda
5%
Witebski 6 883 Wierchniedźwińsk
5%
Homelski 15 961 Żytkowicze
5%
Miński 10 087 Kopyl
4%
Mohylewski 23 469 Krzyczaw
0%
Witebski 7 158 Sianno
0%
Nie znaleziono quizów pasujących do podanych kryteriów
Rozkład punktacji
Procent ludzi z każdym wynikiem
Percentyl według liczby udzielonych odpowiedzi
Twoja historia wyników
Nie rozwiązałeś tego quizu